Nueva constitución: realismo revolucionario
Los autores puntualizan que, a pesar de las circunstancias por las que atraviesa Nicaragua, el gobierno busca aprobar una nueva constitución política, que dé mayor igualdad, justicia y equidad, propicie una mayor participación delas clases sociales y las organizaciones en el quehacer nacional, con e...
Guardat en:
| Format: | Text |
|---|---|
| Matèries: | |
| Etiquetes: |
Afegir etiqueta
Sense etiquetes, Sigues el primer a etiquetar aquest registre!
|
MARC
| LEADER | 00000 a a2200000 04500 | ||
|---|---|---|---|
| 001 | 7002 | ||
| 003 | |||
| 040 | |||
| 245 | |a Nueva constitución: |b realismo revolucionario | ||
| 520 | |a Los autores puntualizan que, a pesar de las circunstancias por las que atraviesa Nicaragua, el gobierno busca aprobar una nueva constitución política, que dé mayor igualdad, justicia y equidad, propicie una mayor participación delas clases sociales y las organizaciones en el quehacer nacional, con el objetivo de alcanzar la unidad y paz necesarias. En el artículo se analizan los contenidos principales, así como los más novedosos, de la nueva de constitución promulgada en enero de 1987, y examinar su congruencia o incongruencia con el modelo de sociedad desarrollada con el proceso revolucionario. LOB/mb | ||
| 650 | |a ECONOMIA MIXTA | ||
| 650 | |a DERECHOS HUMANOS | ||
| 650 | |a CONSTITUCIONES | ||
| 650 | |a AUTODETERMINACION | ||
| 650 | |a PARTICIPACION POLITICA | ||
| 650 | |a ORGANIZACIONES POPULARES | ||
| 650 | |a INDEPENDENCIA | ||
| 650 | |a ESTADO | ||
| 650 | |a NACIONALIDAD | ||
| 650 | |a SOCIEDAD | ||
| 773 | |g número 67; páginas 14-30 | ||
| 999 | |c 21058 |d 21058 | ||
